| 000 | 00411nam a2200157 a 4500 | ||
|---|---|---|---|
| 005 | 20140412111236.0 | ||
| 008 | 001120s19uu xx 00 eng d | ||
| 020 | _a0-590-35606-2 | ||
| 050 |
_aTR(GS 372.4 _bW158 1990 |
||
| 100 | _aWalling, Elaine | ||
| 245 |
_aCritical reading C / _cElaine Walling. |
||
| 260 |
_a[s.l.} : _bScholastic Inc, _c1990. |
||
| 300 | _a32 p. | ||
| 650 | _aReading | ||
| 999 |
_c102470 _d102470 |
||